[Event "22nd Hogeschool Zeeland 2018"]
[Site "Vlissingen"]
[Date "2018.08.04"]
[Round "1"]
[White "Miciano, John Marvin"]
[Black "Burg, Henk"]
[Result "1-0"]
[WhiteElo "2381"]
[BlackElo "1805"]
[Annotator "NA"]
[PlyCount "63"]
[EventDate "2018.08.04"]
[EventType "swiss"]
[EventCountry "NED"]
[SourceTitle "playchess.com"]
[Source "ChessBase"]
[SourceQuality "1"]
[TimeControl "40/5400+30:1800+30"]

1. g3 {[%emt 0:00:32]} d5 {[%emt 0:01:15]} 2. Bg2 {[%emt 0:00:13]} Nf6 {[%emt 0:00:22]} 3. Nf3 {[%emt 0:00:26]} g6 {[%emt 0:00:06]} 4. O-O {[%emt 0:00:33]} Bg7 {[%emt 0:00:02]} 5. d3 {[%emt 0:00:09]} O-O {[%emt 0:00:07]} 6. c3 {[%emt 0:00:08]} c5 {[%emt 0:02:38]} 7. Nbd2 {[%emt 0:00:32]} Nc6 {[%emt 0:00:10]} 8. Qa4 {[%emt 0:00:13]} Bd7 {[%emt 0:02:41]} 9. Qa3 {[%emt 0:03:49]} Qa5 {[%emt 0:08:26]} 10. Qb3 {[%emt 0:02:05]} Qb6 {[%emt 0:00:15]} 11. Qc2 {[%emt 0:00:16]} Rac8 {[%emt 0:00:24]} 12. e4 {[%emt 0:00:32]} dxe4 {[%emt 0:04:33]} 13. dxe4 {[%emt 0:00:15]} e5 {[%emt 0:00:52]} 14. Nc4 {[%emt 0:01:10]} Qc7 {[%emt 0:01:31]} 15. Bg5 {[%emt 0:03:33]} h6 {[%emt 0:05:39]} 16. Bxf6 {[%emt 0:00:13]} Bxf6 {[%emt 0:00:23]} 17. Ne3 {[%emt 0:00:20]} Bg7 {[%emt 0:06:43]} 18. Rfd1 {[%emt 0:00:44]} Be6 {[%emt 0:00:47]} 19. Bf1 {[%emt 0:06:29]} f5 {[%emt 0:06:46]} 20. Bc4 {[%emt 0:06:50]} Bxc4 {[%emt 0:02:27]} 21. Nxc4 {[%emt 0:00:07]} fxe4 {[%emt 0:00:33]} 22. Qxe4 {[%emt 0:01:20]} Rf6 {[%emt 0:06:30]} 23. Nh4 {[%emt 0:03:37]} b5 {[%emt 0:03:24]} 24. Ne3 {[%emt 0:00:09]} Qf7 {[%emt 0:04:26]} 25. Rd2 {[%emt 0:01:35]} Rf8 {[%emt 0:08:29]} 26. Rad1 {[%emt 0:01:52]} Na5 {[%emt 0:13:25]} 27. Rd7 {[%emt 0:02:49]} Qe6 {[%emt 0:02:36]} 28. Ng4 {[%emt 0:13:59]} Rf4 {[%emt 0:06:02]} 29. gxf4 {[%emt 0:00:09]} Qxg4+ {[%emt 0:00:04]} 30. Ng2 {[%emt 0:00:06]} exf4 {[%emt 0:02:43]} 31. Qe7 {[%emt 0:00:19]} f3 {[%emt 0:01:09]} 32. Qxg7# {[%emt 0:00:08]} 1-0

[Event "22nd Hogeschool Zeeland 2018"]
[Site "Vlissingen"]
[Date "2018.08.04"]
[Round "1"]
[White "Ravi, Teja S"]
[Black "Van t Hoff, Kees"]
[Result "1-0"]
[WhiteElo "2374"]
[BlackElo "1792"]
[Annotator "NA"]
[PlyCount "57"]
[EventDate "2018.08.04"]
[EventType "swiss"]
[EventCountry "NED"]
[SourceTitle "playchess.com"]
[Source "ChessBase"]
[SourceQuality "1"]
[TimeControl "40/5400+30:1800+30"]

{[%evp 11,57,0,16,-3,4,-4,8,8,27,27,18,23,85,0,35,-18,-13,-52,-56,-63,-47,-49,25,28,134,99,105,106,115,3,93,66,68,65,58,79,227,216,245,243,552,546,538,525,29985,29986,29982,1353]} 1. d4 {[%emt 0:00:00]} Nf6 {[%emt 0:00:00]} 2. Nf3 {[%emt 0:00:02]} g6 {[%emt 0:00:22]} 3. Nc3 {[%emt 0:00:11]} d5 {[%emt 0:00:28]} 4. Bf4 {[%emt 0:00:40]} c6 {[%emt 0:00:39]} 5. e3 {[%emt 0:00:10]} Bg7 {[%emt 0:01:07]} 6. Be2 {[%emt 0:00:15]} Nbd7 {[%emt 0:01:55] LiveBook: 29 Partien} 7. h4 {[%emt 0:00:55] D00: Damenbauernspiele} h5 {[%emt 0:03:41]} 8. Qd2 {[%emt 0:01:48]} (8. Ne5 Nxe5 9. Bxe5 Kf8 10. Qd2 b5 11. f3 {1-0 (33) Abasov,N (2587)-Valsecchi,A (2508) Antalya 2017}) 8... a6 {[%emt 0:01:59]} 9. Ne5 {[%emt 0:00:51] Die Stellung ist ausgeglichen.} Nf8 $146 {[%emt 0:03:37]} ({Vorgänger:} 9... Nxe5 10. Bxe5 b5 11. f3 {1-0 (39) Guerra Rivera,S (2360)-Bergougnoux,A (2091) Mamaia 2017}) 10. O-O-O {[%emt 0:01:40]} Ne6 {[%emt 0:01:10]} 11. Bh2 {[%emt 0:01:03]} Bd7 {[%emt 0:00:39]} (11... Nd7 $11) 12. Bd3 {[%emt 0:01:51]} c5 {[%emt 0:02:50]} 13. dxc5 {[%emt 0:18:26]} (13. Kb1 $14) 13... Nxc5 $11 {[%emt 0:01:19]} 14. Nxd7 {[%emt 0:04:55]} Qxd7 {[%emt 0:01:25]} 15. f3 {[%emt 0:00:26]} b5 {[%emt 0:06:57]} 16. Be5 {[%emt 0:01:07]} Nxd3+ {[%emt 0:04:02]} (16... O-O $15) 17. Qxd3 {[%emt 0:00:11]} e6 {[%emt 0:00:35]} (17... Qe6 $1 $11 18. Bxf6 Qxf6) 18. Qd4 {[%emt 0:02:04]} Qe7 {[%emt 0:03:41]} 19. g4 $1 {[%emt 0:01:55] g5 ist eine echte Drohung.} O-O {[%emt 0:00:20] [#]} 20. e4 {[%emt 0:12:11]} (20. gxh5 $1 $16 Nxh5 21. Bxg7 Nxg7 {[#]} 22. h5 $1 {[%mdl 512]}) 20... Rfc8 {[%emt 0:10:50]} (20... b4 $1 $11 {bleibt in der Remisbreite.} 21. Ne2 Rfd8) 21. g5 $36 {[%emt 0:03:31] Weiss hat Druck.} Ne8 {[%emt 0:02:05] zielt auf ...Tc4 ab.} 22. Bxg7 $1 {[%emt 0:00:39]} Nxg7 {[%emt 0:00:22]} 23. exd5 {[%emt 0:00:16]} Rc4 {[%emt 0:02:54]} (23... Nf5 $16 24. Qe5 exd5 25. Qxe7 (25. Rxd5 Qxe5 26. Rxe5 Kg7 $11) 25... Nxe7) 24. d6 $18 {[%emt 0:01:37]} Qd8 {[%emt 0:01:57]} 25. Qe5 {[%emt 0:02:13]} Rac8 $2 {[%emt 0:00:45]} (25... Qb6 {ist zäher.} 26. Ne4 Rd8) 26. d7 {[%emt 0:00:18]} Ra8 {[%emt 0:02:40]} 27. Ne4 {[%emt 0:01:24] Droht stark Sf6+.} Rc7 {[%emt 0:07:57]} 28. Nf6+ {[%emt 0:00:22]} Kf8 {[%emt 0:00:12]} 29. Qd6+ {[%emt 0:00:07] Precision: Weiß = 52%, Schwarz = 23%.} 1-0

[Event "22nd Hogeschool Zeeland 2018"]
[Site "Vlissingen"]
[Date "2018.08.04"]
[Round "1"]
[White "Leentjens, Gilbert"]
[Black "Mareco, Sandro"]
[Result "0-1"]
[WhiteElo "1870"]
[BlackElo "2643"]
[Annotator "TA"]
[PlyCount "60"]
[EventDate "2018.08.04"]
[EventType "swiss"]
[EventCountry "NED"]
[SourceTitle "playchess.com"]
[Source "ChessBase"]
[SourceQuality "1"]

{[%evp 15,60,12,19,-34,-41,-28,5,-12,-4,-15,-8,-20,-2,-89,-88,-82,-92,-86,-55,-58,-64,-94,-91,-90,-87,-131,-134,-187,-148,-206,-121,-182,-130,-150,-140,-123,-133,-132,-133,-116,-87,-710,-693,-664,-677,-1983,-1860]} 1. e4 c5 2. Nc3 e6 3. g3 a6 4. Bg2 b5 5. d3 Bb7 6. f4 d5 7. exd5 {B23: Closed Sicilian: Lines without g3} exd5 8. Qe2+ (8. Nf3 Nf6 9. O-O Be7 10. Nh4 Qd7 11. f5 h6 12. Bf4 Nc6 13. Qd2 O-O-O 14. a3 Rhe8 {0-1 (55) Andriasian,Z (2631)-Zhigalko,S (2664) Martuni 2013}) 8... Be7 $1 {LiveBook: 3 Games} 9. Nf3 ({Better is} 9. Be3 $1 $11) 9... Nf6 $15 10. O-O b4 $146 ({Predecessor:} 10... O-O 11. Bd2 Nc6 12. a3 Rc8 13. Rae1 Re8 14. Qd1 b4 15. axb4 cxb4 {0-1 (72) Khazankin,M (2068)-Doluhanova,E (2289) Mukachevo 2012}) 11. Nd1 O-O 12. Ne5 Nc6 13. c3 Re8 14. Nf2 (14. g4 $11 {remains equal.}) 14... Bd6 $36 {[%cal Rc6e5][%mdl 2048] Keeping White busy.} 15. Nxc6 Bxc6 16. Qc2 Qb6 17. Bd2 a5 18. Rfe1 c4 {[%cal Bc5c4,Bc4b3][%mdl 32] [#] ...cxd3 is the strong threat.} 19. d4 b3 20. axb3 cxb3 21. Qd3 (21. Qc1 $17) 21... a4 22. Rab1 (22. Rxe8+ $17 {is a better defense.} Rxe8 23. Qb1) 22... Qb7 (22... Bb5 $19 23. Qf5 Rxe1+ 24. Bxe1 Bd7) 23. Rec1 (23. Rxe8+ $17 {was necessary.} Rxe8 24. Qf3) 23... Nd7 ({Black should try} 23... a3 $19 {Strongly threatening ...a2.} 24. bxa3 Bxa3) 24. c4 {[#]} dxc4 $1 25. Bxc6 Qxc6 (25... cxd3 $2 {too greedy.} 26. Bxb7 Rab8 27. Ba6 $18) 26. Qxc4 Qxc4 27. Rxc4 Rec8 28. Rbc1 $2 {[%mdl 8192]} (28. Rcc1 $17) 28... Rxc4 $19 {Black is clearly winning.} 29. Rxc4 a3 {[%cal Ba4a3,Ba3b2][%mdl 32]} 30. Rc1 {Now bxa3 and White clings on.} axb2 {Precision: White = 22%, Black = 49%.} 0-1

[Event "22nd Hogeschool Zeeland 2018"]
[Site "Vlissingen"]
[Date "2018.08.04"]
[Round "1"]
[White "De Kleuver, Jonathan"]
[Black "Van Foreest, Jorden"]
[Result "0-1"]
[WhiteElo "1865"]
[BlackElo "2636"]
[Annotator "TA"]
[PlyCount "61"]
[EventDate "2018.08.04"]
[EventType "swiss"]
[EventCountry "NED"]
[SourceTitle "playchess.com"]
[Source "ChessBase"]
[SourceQuality "1"]

{[%evp 17,61,-8,-11,-50,11,-17,0,-10,-7,-6,0,0,20,-22,-15,-35,-28,-70,-70,-62,-73,-72,-80,-110,-96,-168,-165,-143,-158,-180,-181,-284,-283,-308,-289,-287,-261,-412,-405,-620,-632,-1281,-1231,-29998,-29999,-29999]} 1. e4 c5 2. Nf3 d6 3. Nc3 a6 4. a4 Nf6 5. d4 cxd4 6. Nxd4 e5 7. Nb3 Be6 8. Be2 Be7 9. Be3 {B92: Sicilian Najdorf: 6 Be2} (9. Bf3 O-O 10. O-O Qc7 11. Be3 b6 12. Qd2 Nbd7 13. Nc1 Qb7 14. N1e2 b5 15. axb5 axb5 16. Ng3 b4 {1-0 (42) Aldama Degurnay,D (2432)-Kovalyov,A (2660) Chicago 2018}) 9... O-O {LiveBook: 12 Games} 10. Nd5 Nbd7 ({Black should play} 10... Nxe4 $15 11. Bb6 Qd7) 11. f3 {The position is equal.} Bxd5 12. exd5 Rc8 $146 ({Predecessor:} 12... a5 13. c4 b6 14. Bd3 Nh5 15. Qd2 f5 16. O-O Nc5 17. Nxc5 bxc5 {½-½ (35) Kirchner,T (2314)-Voekler,B (2374) Germany 2012}) 13. c4 a5 14. O-O b6 15. Nd2 Nc5 16. Bxc5 bxc5 17. f4 exf4 18. Rxf4 Rb8 19. b3 Nd7 {[%cal Bf6d7,Bd7e5,Be5g4][%mdl 32]} 20. Rf3 Ne5 21. Rh3 (21. Rf1 $17) 21... f5 $19 22. Qc2 Bg5 23. Nf3 {[#]} Be3+ $1 24. Kf1 (24. Kh1 $142 Ng4 25. Rf1) 24... Ng4 25. Qc3 Qe7 26. Bd3 Bf2 27. Bc2 (27. Rb1 {was necessary.}) 27... Rbe8 {[%csl Ge8][%cal Re7e2]} 28. Qd3 (28. Bd3 $142 h6 29. Rh5) 28... Qf6 29. Ra2 {[#]} Qg5 $1 {[%mdl 512]} 30. Qd2 (30. Nxg5 Re1#) 30... Qxd2 31. Nxd2 {Precision: White = 20%, Black = 64%.} 0-1

[Event "22nd Hogeschool Zeeland 2018"]
[Site "Vlissingen"]
[Date "2018.08.04"]
[Round "1"]
[White "Baete, Guy"]
[Black "Ikonnikov, Vyacheslav"]
[Result "0-1"]
[WhiteElo "1861"]
[BlackElo "2546"]
[Annotator "TA"]
[PlyCount "64"]
[EventDate "2018.08.04"]
[EventType "swiss"]
[EventCountry "NED"]
[SourceTitle "playchess.com"]
[Source "ChessBase"]
[SourceQuality "1"]

{[%evp 20,64,3,-7,1,-1,-6,-8,-8,-13,0,0,0,0,0,-162,-132,-123,-108,-98,-92,-162,-129,-407,-390,-411,-419,-417,-409,-443,-451,-520,-506,-492,-459,-445,-358,-765,-766,-855,-867,-952,-942,-1007,-875,-1158,-1137]} 1. d4 Nf6 2. Nf3 e6 3. e3 b6 4. Bd3 Bb7 5. O-O c5 6. b3 Be7 7. Bb2 d6 8. c4 O-O 9. Nbd2 Nbd7 10. Rc1 Re8 {E14: Queen's Indian: Classical Variation (4 e3)} (10... Qc7 11. Bb1 Rfe8 12. Ng5 h6 13. Nge4 Nxe4 14. Nxe4 Nf6 15. Nxf6+ Bxf6 16. Qc2 g6 17. dxc5 Bxb2 18. Qxb2 {0-1 (60) Romcovici,V (2170)-Korpa,B (2497) Arad 2017}) 11. Bb1 {LiveBook: 3 Games} Rc8 12. Re1 Bf8 {The position is equal.} 13. e4 cxd4 14. Nxd4 g6 15. Nb5 $146 ({Predecessor:} 15. Nf1 a6 16. Ng3 Ne5 17. h3 Bg7 18. Nde2 {0-1 (39) Pridmore,M-Gorodi,J Exeter 1999}) 15... a6 {[%cal Ba7a6,Ba6b5,Bb5b4][%mdl 32]} 16. Nc3 Bh6 $36 {[%mdl 2048] Black is more active.} 17. Nf1 $2 (17. Rc2 $11 {and White has nothing to worry.}) 17... Bxc1 $19 18. Qxc1 {[#]} b5 $1 19. cxb5 axb5 {Strongly threatening ...b4.} 20. Qh6 (20. Qd2 $17 {was called for.} Qb6 21. Rd1) 20... Qa5 21. Re3 $2 {[%mdl 8192]} (21. Qd2 $17) 21... Ng4 22. Qf4 Nxe3 23. Qxe3 b4 24. Ne2 e5 25. Qg5 d5 {[%cal Bd6d5,Bd5d4][%mdl 32]} 26. Neg3 d4 27. Nf5 Qd8 28. Qg3 $2 (28. Qxd8 Rexd8 29. Ne7+ Kg7 30. Nxc8 Rxc8 31. a3) 28... Nf6 {Black is clearly winning.} 29. Nd2 {[#]} Rc3 $1 30. f3 (30. Bxc3 dxc3) 30... Nh5 31. Qg4 Kf8 32. Qh3 Qg5 {Precision: White = 25%, Black = 80%.} 0-1

[Event "22nd Hogeschool Zeeland 2018"]
[Site "Vlissingen"]
[Date "2018.08.04"]
[Round "1"]
[White "Minnema, Rens"]
[Black "Pruijssers, Roeland"]
[Result "0-1"]
[WhiteElo "1856"]
[BlackElo "2506"]
[Annotator "TA"]
[PlyCount "48"]
[EventDate "2018.08.04"]
[EventType "swiss"]
[EventCountry "NED"]
[SourceTitle "playchess.com"]
[Source "ChessBase"]
[SourceQuality "1"]

{[%evp 17,48,-31,-1,-17,-14,-39,-35,-54,-67,-83,-87,-154,-127,-165,-160,-168,-110,-297,-186,-179,-184,-196,-207,-279,-284,-272,-286,-320,-254,-379,-394,-29998,-29999]} 1. e4 c5 2. Nf3 e6 3. Nc3 Nc6 4. d4 cxd4 5. Nxd4 Qc7 6. Be3 Nf6 7. Be2 Bb4 8. f3 O-O 9. O-O a6 {LiveBook: 14 Games} 10. Qd2 {B49: Sicilian: Taimanov: 5 Nc3 Qc7 6 Be3 a6 7 Be2} (10. Kh1 e5 11. Nb3 Bxc3 12. bxc3 d6 13. Bg5 Ne8 14. Qe1 Be6 15. Rd1 Rc8 16. Bd2 Nb8 17. f4 Nd7 18. Qh4 {0-1 (40) Brunello,S (2489)-Stellwagen,D (2639) Heraklio 2007}) 10... d5 11. Nxc6 bxc6 {[%cal Bb7c6,Bc6c5][%mdl 32]} 12. a3 {Black is slightly better.} Bd6 13. f4 $146 {[#] Strongly threatening e5.} ({Predecessor:} 13. h3 Rd8 14. exd5 exd5 15. f4 Bf5 16. Bd4 Ne4 17. Nxe4 Bxe4 {0-1 (55) Rizsonkov,V (2238)-Kernazhitsky,L (2358) Nyiregyhaza 2005}) 13... dxe4 14. Qd4 (14. Bc4 $142) 14... c5 15. Qc4 Bb7 {Threatens to win with ...Nd5.} 16. Rad1 Nd5 (16... Rac8 $19 17. g3 Rfd8) 17. Bc1 $2 (17. Rxd5 $17 exd5 18. Nxd5) 17... Nb6 ({Not} 17... Bxf4 18. Bxf4 Nxf4 19. Nxe4 $17) 18. Qa2 Rad8 19. h3 c4 20. Be3 Bc5 21. Bxc5 Qxc5+ 22. Kh1 e3 23. a4 (23. Qb1 {is a better defense.}) 23... Qf5 $19 {( -> ...Qxh3+)} 24. a5 $2 {[#]} (24. Kh2 $19 Rxd1 25. Bxd1) 24... Qxh3+ {Precision: White =  8%, Black = 88%.} 0-1

[Event "22nd Hogeschool Zeeland 2018"]
[Site "Vlissingen"]
[Date "2018.08.04"]
[Round "1"]
[White "Timmermans, Adri"]
[Black "Wan, Yunguo"]
[Result "0-1"]
[WhiteElo "1847"]
[BlackElo "2501"]
[Annotator "TA"]
[PlyCount "68"]
[EventDate "2018.08.04"]
[EventType "swiss"]
[EventCountry "NED"]
[SourceTitle "playchess.com"]
[Source "ChessBase"]
[SourceQuality "1"]

{[%evp 22,68,28,8,20,17,11,11,18,-13,0,-24,-17,0,-23,-4,-12,0,6,-54,-22,-28,-30,-20,-22,-72,-50,-76,-69,-82,-74,-106,-113,-138,-102,-130,-116,-127,-92,-228,-229,-185,-195,-214,-216,-498,-477,-562,-552]} 1. e4 c5 2. Nf3 d6 3. d4 cxd4 4. Nxd4 Nf6 5. Nc3 a6 6. Be3 e5 7. Nb3 Be6 8. f3 h5 9. Nd5 {B90: Sicilian Najdorf: Unusual White 6th moves, 6 Be3 Ng4 and 6 Be3 e5} (9. Qd2 Nbd7 10. Nd5 Bxd5 11. exd5 g6 12. Be2 Bg7 13. O-O a5 14. a4 O-O 15. Bb5 Qc7 16. c4 b6 17. h3 Nc5 18. Nxc5 bxc5 {½-½ (49) Carlsen,M (2842)-Vachier Lagrave,M (2779) Biel 2018}) 9... Bxd5 10. exd5 Nbd7 11. c4 g6 12. Bd3 {LiveBook: 5 Games} Bh6 13. Bxh6 Rxh6 14. Qd2 Rh8 15. O-O {[#]} h4 $146 ({Predecessor:} 15... Qb6+ 16. Kh1 h4 {0-1 (52) Frolov,A (2416)-Kovchan,A (2592) Zhitomir 2017}) 16. Rae1 Kf8 17. f4 Qb6+ 18. Qe3 Qxe3+ 19. Rxe3 Ng4 20. Re2 (20. Rh3 $11) 20... f5 21. h3 Ngf6 22. fxe5 Nxe5 23. Nc1 Re8 24. Ref2 Kg7 25. b3 Re7 26. Bb1 Rhe8 27. Rf4 {[#]} Nh5 $1 {[%cal Rh5f4]} 28. Rxh4 Ng3 29. Rd1 Nd7 $36 {[%mdl 2048] And now ...Re1+ would win. Black is in control.} 30. Kh2 {[#]} (30. Kf2 $17 Ne2 31. Bd3) 30... Re1 $1 $19 31. Rxe1 Rxe1 32. Kxg3 Rxc1 33. Bd3 $2 (33. Bxf5 gxf5 34. Kf4) 33... Rc3 34. Rd4 Ne5 {Precision: White = 27%, Black = 80%.} 0-1

[Event "22nd Hogeschool Zeeland 2018"]
[Site "Vlissingen"]
[Date "2018.08.04"]
[Round "1"]
[White "Lukas, Anne"]
[Black "Admiraal, Miguoel"]
[Result "0-1"]
[WhiteElo "1844"]
[BlackElo "2479"]
[Annotator "TA"]
[PlyCount "44"]
[EventDate "2018.08.04"]
[EventType "swiss"]
[EventCountry "NED"]
[SourceTitle "playchess.com"]
[Source "ChessBase"]
[SourceQuality "1"]

{[%evp 17,44,-12,-9,-12,6,-13,-11,-14,-12,-16,-11,-24,-7,-18,-14,-6,-10,-28,-13,-18,-35,-47,-43,-45,-16,-15,1,-412,-416]} 1. d4 Nf6 2. Nf3 d5 3. c4 e6 4. Bg5 h6 5. Bxf6 Qxf6 6. Nc3 c6 7. e3 Nd7 8. cxd5 exd5 9. Bd3 Bd6 {LiveBook: 12 Games} 10. a3 {D43: Semi-Slav: 5 Bg5 h6} a5 11. Rb1 $146 ({Predecessor:} 11. O-O O-O 12. Re1 Qd8 13. Rb1 Nf6 14. Qc2 Qc7 15. h3 Qe7 16. Na4 Ne4 {1-0 (41) Kuligowski,A (2405)-Schinzel,W (2385) Warsaw 1980}) 11... Qe7 12. O-O {The position is equal.} O-O 13. Qc2 Nf6 14. h3 Bd7 15. Na4 Rae8 16. Nc5 Bc8 17. b4 axb4 18. axb4 Ne4 19. Bxe4 dxe4 20. Nd2 f5 21. Nc4 Bb8 22. Nb6 $2 {[%mdl 8192] [#]} (22. b5 $11 {and White is okay.}) 22... Qc7 {Precision: White = 49%, Black = 61%.} 0-1

[Event "22nd Hogeschool Zeeland 2018"]
[Site "Vlissingen"]
[Date "2018.08.04"]
[Round "1"]
[White "Verhoeff, Timardi"]
[Black "Warmerdam, Max"]
[Result "0-1"]
[WhiteElo "1833"]
[BlackElo "2421"]
[Annotator "TA"]
[PlyCount "118"]
[EventDate "2018.08.04"]
[EventType "swiss"]
[EventCountry "NED"]
[SourceTitle "playchess.com"]
[Source "ChessBase"]
[SourceQuality "1"]

{[%evp 21,118,0,24,20,15,-7,-14,-29,-16,-20,0,0,0,0,0,-13,0,-14,-6,-8,0,-6,-14,-52,-57,-55,-66,-62,-46,-63,-80,-202,-196,-208,-194,-181,-164,-338,-307,-337,-327,-294,-124,-115,-74,-166,-60,-313,-320,-438,-412,-615,-320,-320,-320,-430,-320,-320,-320,-311,-238,-218,-178,-177,-179,-196,-168,-162,-155,-118,-99,-92,-109,-104,-100,-146,-154,-207,-207,-207,-207,-207,-207,-207,-207,-183,-148,-815,-416,-12840,-1921,-12842,-12843,-12843,-12843,-12845,-12845,-12844,-12844]} 1. c4 g6 2. g3 Bg7 3. Bg2 Nf6 4. Nc3 O-O 5. e4 d6 6. d3 e5 7. Nge2 c6 8. O-O a6 9. a4 a5 10. h3 Na6 11. Be3 {A24: English Opening vs King's Indian: Lines without ...Nc6} (11. Bg5 Nc5 12. f4 h6 13. Bh4 Ne6 14. Qd2 exf4 15. Bxf6 Qxf6 16. gxf4 Nd4 17. Rae1 Nxe2+ 18. Qxe2 Qd4+ {0-1 (57) Piorun,K (2577)-Cheparinov,I (2690) Warsaw 2014}) 11... Nb4 {LiveBook: 5 Games} 12. d4 Nd7 13. d5 $146 {The position is equal.} ({Predecessor:} 13. f4 exd4 14. Nxd4 Nc5 15. Nb3 Ncd3 16. Qb1 Be6 17. Nd2 f5 18. Rd1 Qe7 {1-0 (40) Raeva,E (2238)-Milanova,M (1916) Dupnitsa 2010}) 13... Nc5 14. Bxc5 dxc5 15. Qd2 h5 16. Rad1 cxd5 17. Nxd5 Nxd5 18. Qxd5 Qb6 19. Nc3 Be6 20. Qd3 Qxb2 21. Rb1 Qa3 22. Rfc1 Rfd8 $36 {[%mdl 2048] White is under pressure.} 23. Qe2 Rd4 24. Nb5 Qxa4 {[%cal Re6c4]} 25. Nxd4 cxd4 26. Qd3 (26. Rxb7 $17 Qc6 27. Qb2) 26... Qc6 $19 27. c5 a4 28. Rb6 Qd7 29. Qb5 $2 (29. Bf3) 29... Qxb5 ({Worse is} 29... Bxh3 30. Bxh3 Qxh3 31. Rxb7 $11) 30. Rxb5 a3 31. Rxb7 a2 (31... d3 $19 {aiming for ...Bf8.} 32. Ra1 Bf8) 32. Ra1 $17 Rc8 33. Rb5 (33. Rb6 $17 {might work better.}) 33... Bh6 (33... d3 $1 $19 {Hoping for ...Bf8.} 34. Ra5 d2) 34. f4 $2 {[%mdl 8192]} (34. Bf1 $15) 34... exf4 $19 35. gxf4 Bxf4 36. Bf1 (36. Ra5 $142) 36... Bd2 37. Rb2 Be3+ 38. Kg2 Rxc5 39. Raxa2 Bxa2 40. Rxa2 {[%mdl 4096] Endgame KRB-KRB} Rg5+ 41. Kf3 Rg1 42. Bc4 {[#]} Rc1 $1 {[%cal Rc1c4]} 43. Bd5 Rf1+ 44. Ke2 Rf2+ 45. Kd3 Rxa2 (45... Rf3 {feels hotter.} 46. e5 Rxh3 47. Ra7 Bg5+ 48. Ke4 Rh4+) 46. Bxa2 $17 {KB-KB} g5 47. e5 Kf8 48. Ke4 g4 49. hxg4 (49. h4 $17) 49... hxg4 $19 {[%cal Bh5g4,Bg4g3][%mdl 32]} 50. Bc4 Ke7 51. Be2 g3 52. Bf3 Kd7 53. Bg2 Kc6 54. Kd3+ $2 {[%mdl 8192]} (54. Bf1 $17) 54... Kc5 55. Ke4 (55. Bh1 $142 Bf4 56. e6 fxe6 57. Bg2) 55... Kc4 {Black is clearly winning.} 56. Bf1+ Kc3 57. Kf3 {[#]} Bf2 $1 58. Ke4 {[#]} d3 $1 {[%cal Bd4d3,Bd3d2][%mdl 32]} 59. Kf3 (59. Bxd3 g2) 59... d2 {Precision: White = 29%, Black = 64%.} 0-1

[Event "22nd Hogeschool Zeeland 2018"]
[Site "Vlissingen"]
[Date "2018.08.04"]
[Round "1"]
[White "Smit, Manuel"]
[Black "Van Delft, Merijn"]
[Result "0-1"]
[WhiteElo "1829"]
[BlackElo "2395"]
[Annotator "NA"]
[PlyCount "66"]
[EventDate "2018.08.04"]
[EventType "swiss"]
[EventCountry "NED"]
[SourceTitle "playchess.com"]
[Source "ChessBase"]
[SourceQuality "1"]
[TimeControl "40/5400+30:1800+30"]

{[%evp 18,66,18,9,56,26,21,22,6,3,33,38,58,54,53,5,25,-47,-45,-171,-172,-169,-176,-216,-180,-239,-233,-259,-254,-375,-309,-430,-420,-408,-327,-329,-332,-325,-328,-340,-336,-403,-405,-402,-392,-392,-389,-528,-527,-518,-527]} 1. d4 {[%emt 0:00:00]} Nf6 {[%emt 0:23:58]} 2. Bf4 {[%emt 0:00:00]} g6 {[%emt 0:00:19]} 3. h3 {[%emt 0:00:41]} Bg7 {[%emt 0:00:14]} 4. Nf3 {[%emt 0:00:19]} O-O {[%emt 0:00:13]} 5. e3 {[%emt 0:00:16]} d6 {[%emt 0:00:15]} 6. Be2 {[%emt 0:01:11]} Nbd7 {[%emt 0:00:25]} 7. Bh2 {[%emt 0:01:39] A48: Königsindisch (ohne c2-c4)} b6 {[%emt 0:00:24]} 8. O-O {[%emt 0:00:37]} Bb7 {[%emt 0:00:09]} 9. c4 {[%emt 0:00:30]} c5 {[%emt 0:00:51]} (9... Ne4 10. Nfd2 Nxd2 11. Qxd2 c5 12. Nc3 cxd4 13. exd4 Nf6 14. d5 a6 15. Rfe1 Re8 {1-0 (35) Le,Q (2737)-Howell,D (2676) Riadh 2017}) 10. Nc3 {[%emt 0:01:01] LiveBook: 4 Partien} a6 {[%emt 0:00:39]} 11. Rc1 $146 {[%emt 0:00:18]} ({Vorgänger:} 11. Qc2 cxd4 12. Nxd4 Rc8 13. Rfd1 Qc7 14. Rac1 Ne5 15. b3 Nc6 16. Qd2 Qb8 {½-½ (41) Tica,S (2260)-Balenovic,Z (2190) Topusko 2016}) 11... Ne4 {[%emt 0:01:14]} 12. Nxe4 {[%emt 0:03:26]} Bxe4 {[%emt 0:00:03]} 13. b3 {[%emt 0:00:49]} Qb8 {[%emt 0:01:06]} 14. Qd2 {[%emt 0:05:28]} Rc8 {[%emt 0:01:15]} 15. Ng5 {[%emt 0:02:15]} Bb7 {[%emt 0:01:12]} 16. Bg4 {[%emt 0:03:37]} Rc7 {[%emt 0:00:52]} 17. b4 {[%emt 0:05:52]} (17. Bd1 $11) 17... h6 $15 {[%emt 0:03:53]} 18. dxc5 {[%emt 0:08:38]} (18. Bxd7 $15 Rxd7 19. Nf3) 18... bxc5 $19 {[%emt 0:00:57]} 19. Bxd7 {[%emt 0:00:59]} Rxd7 {[%emt 0:03:05]} 20. Nxf7 {[%emt 0:01:44] Weiss will Se5! spielen.} Qc8 {[%emt 0:08:34]} 21. Nxh6+ {[%emt 0:06:33]} (21. Nxd6 $142 exd6 22. Rfd1) 21... Bxh6 {[%emt 0:00:17]} 22. Qd3 {[%emt 0:01:17]} Kh7 {[%emt 0:01:59]} 23. h4 {[%emt 0:00:49]} (23. bxc5 {war angesagt.} Qxc5 24. Bf4) 23... Rc7 {[%emt 0:05:43]} 24. Rb1 {[%emt 0:11:07]} Qe6 {[%emt 0:06:38]} 25. Rb3 {[%emt 0:14:43]} Qe4 {[%emt 0:12:25]} 26. Qxe4 {[%emt 0:02:15]} Bxe4 {[%emt 0:00:03]} 27. f3 {[%emt 0:06:59]} Bc2 {[%emt 0:00:09]} 28. Rc3 {[%emt 0:00:24]} Bf5 {[%emt 0:00:16]} ({Nicht} 28... cxb4 29. Rxc2 Bxe3+ 30. Kh1 $17) 29. a3 {[%emt 0:13:04]} Bg7 {[%emt 0:01:10]} 30. Rcc1 {[%emt 0:02:57]} cxb4 {[%emt 0:04:08]} 31. axb4 {[%emt 0:00:30]} Bd3 {[%emt 0:00:53]} 32. c5 {[%emt 0:00:25]} Bxf1 {[%emt 0:00:38]} 33. Rxf1 {[%emt 0:00:05]} Rc6 {[%emt 0:05:54] Precision: Weiß = 30%, Schwarz = 62%.} 0-1